Statistics for Countries Most Affected By Terrorism

Click here to take the quiz!

General Stats

  • This quiz has been taken 93 times
  • The average score is 35 of 50

Answer Stats

IndexCountry% Correct
8.51Iraq
97%
8.21Syria
95%
9.10Afghanistan
93%
4.98United States
93%
4.80France
92%
7.85Pakistan
92%
4.84United Kingdom
92%
7.03Egypt
91%
7.94Niger
91%
8.25Nigeria
91%
4.21Russia
91%
5.01Iran
88%
4.71Germany
87%
7.46India
87%
5.12Libya
84%
4.41Algeria
83%
3.68Lebanon
83%
5.72Turkey
83%
5.87Yemen
83%
4.78Israel
82%
3.92Italy
80%
6.50Chad
78%
6.73DR Congo
78%
3.56Saudi Arabia
78%
8.38Somalia
78%
3.88Canada
74%
6.16Kenya
72%
4.49Tunisia
72%
6.88Ukraine
71%
8.15Mali
70%
5.50Indonesia
67%
3.75Ethiopia
66%
6.79Philippines
64%
4.90Greece
63%
4.45Bangladesh
62%
5.79Colombia
59%
4.09Uganda
58%
7.67Cameroon
57%
5.65Thailand
54%
4.00Venezuela
54%
8.27Burkina Faso
49%
7.40Mozambique
46%
4.32Austria
45%
5.44Sri Lanka
45%
4.03Tajikistan
45%
4.67Nepal
43%
4.46Peru
39%
4.27Burundi
36%
4.75Chile
36%
4.36Ivory Coast
32%

Score Distribution

Percentile by Number Answered

Percent of People with Each Score

Your Score History

You have not taken this quiz